04272nam a22003614a 4500001001200000003000800012006001900020007001500039008004100054010001700095016002000112020001800132020001500150040002100165035002100186050002600207082002100233245011800254260005600372300002500428504005100453505157400504505139002078533015203468650003903620650002103659650002003680655002903700700002103729710001703750856012603767999001703893ebr10236676CaPaEBRm u cr cn|||||||||060921s2007 maua sb 001 0 eng  z 20060314117 z1012879812DNLM z9781405155700 z1405155701 aCaPaEBRcCaPaEBR a(OCoLC)24463705014aRD598.5b.A384 2007eb04a617.4/13059722200aAdvanced endovascular therapy of aortic diseaseh[electronic resource] /cedited by Alan B. Lumsden ... [et al.]. aMalden, Mass. ;aOxford :bBlackwell Futura,c2007. axiii, 220 p. :bill. aIncludes bibliographical references and index.0 aEtiology and pathogenesis of aortic disease / Bo Risberg and Lars L�onn -- Clinical consideration of aortic disease : atherosclerosis, aneurysm, dissection, and traumatic injury / Lars L�onn and Bo Risberg -- Thoracic aortic aneurysms : classification, incidence, etiology, natural history, and results / Hazim J. Safi -- Angiographic aortic anatomy and variants / Louis G. Martin -- Patient selection for thoracic endografts : today and tomorrow / Mark A. Farber -- Noninvasive aortic imaging modalities : CT, MRI, intravascular ultrasound (IVUS) and transesophageal echocardiography (TEE) / Tae K. Song and Rodney A. White -- Preoperative imaging and device sizing in endovascular management of thoracic aortic aneurysms / Panos Kougias, Hosam El Sayed, and Wei Zhou -- Intramural hematoma and penetrating ulcer / Michael D. Dake -- Patient follow-up and evaluation of abdominal and thoracic stent grafts / Jan D. Blankensteijn -- Endovascular therapy of thoracic aneurysms : the Gore TAG trial results / Jae-Sung Cho, Shan-e-ali Haider, and Michel S. Makaroun -- Medtronic TALENT and VALIANT devices : moving toward the next generation of thoracic aortic stent grafts / Ron Fairman -- Early clinical experience with the Bolton Relay thoracic stent graft / Frank J. Criado -- Clinical results of the the EUROSTAR thoracic registry / Peter Harris ... [et al.] -- Management of aortic aneurysms and dissections with the Zenith TX2 stent graft / W. Anthony Lee -- Aortic dissection : evaluation and management : choosing the right intervention / David M. Williams --0 aAortic dissection : role of fenestration and stents in the endograft era / David M. Williams -- Blunt trauma to the thoracic aorta : current challenges / Kenneth L. Mattox ... [et al.] -- Traumatic disruption of the aorta / Ross Milner, Karthik Kasirajan, and Elliot Chaikof -- Should endovascular repair be considered the standard treatment in traumatic thoracic aortic injury? / Peter H. Lin, Tam T. Huynh, and Eric K. Peden -- Site-specific aortic endografting : case examples and discussion - the ascending aorta / Edward B. Diethrich -- Improved endograft fixation - a role for aortic endostapling? / Brian R. Hopkinson -- Treating smaller aneurysms : is there a rationale? / Kenneth Ouriel -- Management strategies, adjuncts, and technical tips to facilitate endovascular treatment of ruptured abdominal aortic aneurysms / Frank J. Veith ... [et al.] -- Post-operative imaging surveillance and endoleak management after endovascular repair of thoracic aortic aneurysms / S. William Stavropoulos and Jeffrey P. Carpenter -- Percutaneous repair of abdominal aortic aneurysms with local anesthesia and conscious sedation / Zvonimir Krajcer ... [et al.] -- Endoleak management in the abdominal aorta / Jennifer L. Ash, Syed M. Hussain, Kim J. Hodgson -- Aneurysm sac pressure measurement with a pressure sensor in endovascular aortic aneurysm repair / Lisandro Carnero & Ross Milner. aElectronic reproduction.bPalo Alto, Calif. :cebrary,d2013.nAvailable via World Wide Web.nAccess may be limited to ebrary affiliated libraries. 0aBlood-vesselsxEndoscopic surgery. 0aAortaxDiseases. 0aAortaxSurgery. 7aElectronic books.2local1 aLumsden, Alan B.2 aebrary, Inc.40uhttp://site.ebrary.com/lib/rucke/Doc?id=10236676zAn electronic book accessible through the World Wide Web; click to view c36521d36521